[Event "Mont de Marsan 20th"]
[Site "Mont de Marsan"]
[Date "2023.12.29"]
[Round "7"]
[White "Jerez Perez, Alfonso"]
[Black "Sayah Hobon, Noah"]
[Result "1-0"]
[WhiteElo "2350"]
[BlackElo "1833"]
[PlyCount "111"]
[EventDate "2023.12.26"]
[EventType "swiss"]
[EventRounds "9"]
[EventCountry "FRA"]
[SourceTitle "CB01_2024"]
[SourceDate "2024.01.03"]
[SourceVersion "1"]
[SourceVersionDate "2024.01.03"]
[SourceQuality "1"]

1. Nf3 Nf6 2. g3 e6 3. Bg2 Be7 4. 0-0 0-0 5. c4 d5 6. b3 Nbd7 7. Bb2 b6 8. d4 Bb7 9. cxd5 exd5 10. Nc3 Ne4 11. Rc1 Nxc3 12. Bxc3 Ba3 13. Rb1 Bd6 14. Qc2 Qf6 15. b4 Rfe8 16. a4 Rac8 17. e3 Qe7 18. Rfe1 Nf6 19. Nd2 Qd7 20. Qb3 Rb8 21. b5 a5 22. bxa6 Bxa6 23. Qc2 b5 24. axb5 Rxb5 25. Ra1 Bb7 26. Reb1 Rxb1+ 27. Rxb1 Bc6 28. Bb4 Ba4 29. Qa2 Bxb4 30. Rxb4 Bc6 31. Rb1 g6 32. Nf3 Qd6 33. Ne5 Ra8 34. Qc2 Ba4 35. Qb2 Nd7 36. Nxd7 Qxd7 37. Ra1 Rd8 38. Bxd5 Qxd5 39. Rxa4 Qc6 40. Ra1 h5 41. h4 Qf3 42. Qc2 c6 43. Rc1 Rd6 44. Qd1 Qxd1+ 45. Rxd1 c5 46. d5 f5 47. Kg2 c4 48. Kf3 Kf7 49. e4 Kf6 50. Kf4 fxe4 51. Kxe4 Rd8 52. Kd4 Rc8 53. Rc1 c3 54. Rxc3 Rxc3 55. Kxc3 Ke5 56. Kc4 1-0

[Event "FRA-ch U12/16 Girls"]
[Site "Agen"]
[Date "2023.04.30"]
[Round "9"]
[White "Sayah Hobon, Noah"]
[Black "El Zein, Zayne Eddine"]
[Result "0-1"]
[WhiteElo "1794"]
[BlackElo "1879"]
[PlyCount "123"]
[EventDate "2023.04.23"]
[EventType "swiss"]
[EventRounds "9"]
[EventCountry "FRA"]
[SourceTitle "CBM 214 Extra"]
[Source "ChessBase"]
[SourceDate "2023.07.31"]
[SourceVersion "1"]
[SourceVersionDate "2023.07.31"]
[SourceQuality "1"]

1. e4 c5 2. Nc3 a6 3. a4 Nc6 4. f4 e6 5. Nf3 d5 6. d3 Nf6 7. g3 Be7 8. Bg2 h5 9. 0-0 Qb6 10. Kh1 Bd7 11. exd5 Nxd5 12. Nxd5 exd5 13. Ne5 Nxe5 14. fxe5 Be6 15. Qf3 g5 16. a5 Qc7 17. Re1 0-0-0 18. c3 g4 19. Qd1 h4 20. Bf4 hxg3 21. Bxg3 Bh4 22. Kg1 Bxg3 23. hxg3 Kb8 24. d4 Rh5 25. Re3 Qe7 26. dxc5 Qxc5 27. Qd4 Qb5 28. b4 Rdh8 29. Kf2 Rf5+ 30. Kg1 Rfh5 31. Kf2 Rh2 32. Ree1 Bf5 33. Kg1 Be4 34. Bxe4 dxe4 35. Qxe4 Qd7 36. Rad1 Rh1+ 37. Qxh1 Rxh1+ 38. Kxh1 Qc6+ 39. Kh2 Qxc3 40. Re2 Qxb4 41. Rf1 Qb5 42. Ref2 Qxe5 43. Rxf7 Qxa5 44. Rh7 Qd2+ 45. Kg1 Qe3+ 46. Kh2 a5 47. Rff7 Qb3 48. Rf8+ Ka7 49. Rhh8 a4 50. Ra8+ Kb6 51. Rh6+ Kb5 52. Rh5+ Kb4 53. Raa5 Qc2+ 54. Kg1 Qd1+ 55. Kh2 Qe2+ 56. Kg1 b5 57. Rhxb5+ Qxb5 58. Rxb5+ Kxb5 59. Kf2 a3 60. Ke3 a2 61. Kf4 a1Q 62. Kxg4 0-1

[Event "FRA-ch Blitz Online Qual"]
[Site "Europe Echecs INT"]
[Date "2020.05.16"]
[Round "2"]
[White "Dimey, Cyrille"]
[Black "Sayah Hobon, Noah"]
[Result "1-0"]
[WhiteElo "1871"]
[BlackElo "1364"]
[PlyCount "58"]
[EventDate "2020.05.16"]
[EventType "swiss (blitz)"]
[EventRounds "15"]
[EventCountry "FRA"]
[SourceTitle "CBM 196 Extra"]
[Source "ChessBase"]
[SourceDate "2020.07.31"]
[SourceVersion "1"]
[SourceVersionDate "2020.07.31"]
[SourceQuality "1"]

1. d4 f5 2. Bg5 Nf6 3. Bxf6 gxf6 4. e3 h5 5. Bd3 d6 6. c4 e5 7. Nc3 e4 8. Be2 Be6 9. Bxh5+ Bf7 10. Bxf7+ Kxf7 11. Qb3 b6 12. Nge2 Nc6 13. Nf4 Ke8 14. Nce2 Na5 15. Qc2 Qd7 16. d5 Rh7 17. Ne6 Rc8 18. N2d4 c6 19. Qa4 cxd5 20. Qxd7+ Kxd7 21. cxd5 Nc4 22. Rc1 Bh6 23. b3 Ne5 24. Rxc8 Kxc8 25. Nxf5 Nd3+ 26. Ke2 Bg5 27. f3 Bh4 28. fxe4 Ne5 29. Rc1+ Kd7 1-0